000 01339cam a22003737a 4500
003 CHAP
005 20220817043543.0
008 990615d1997 mx r 00010 spa d
010 _a78287
011 _a79259
020 _a9687798211
035 _a89429
040 _cCHAP
082 0 4 _a378.72
_bV3
100 0 0 _aValenti Nigrini, Giovanna
_ecoord.
_9117461
245 1 0 _aPolíticas públicas y educación superior
_c/coord. por Giovanna Valenti Nigrini y Alejandro Mungaray Lagarda
260 _aMéxico, D.F. :
_bAsociación Nacional de Universidades e Institutos de Educación Superior,
_c1997.
300 _a385 p.
590 _aBATCH-UPD
_b10
_c20130109
_lUCH01
_h2334
590 _aBATCH-UPD
_b10
_c20130110
_lUCH01
_h0610
590 _aBATCH-UPD
_b10
_c20130111
_lUCH01
_h0001
590 _aBATCH-UPD
_b10
_c20130410
_lUCH01
_h0252
590 _aBATCH-UPD
_b10
_c20130914
_lUCH01
_h1246
590 _aCONVERSION
_b10
_c20130109
_lUCH01
_h1343
650 1 4 _aEducación superior.
650 1 4 _aEducación y Estado.
_935689
650 1 4 _aPolítica educativa
_zMéxico.
_990561
650 1 4 _aReforma universitaria
_zMéxico.
_995607
700 0 _aMungaray Lagarda, Alejandro
_ecoord.
_979483
901 _aBK
905 _aBlanca M. García O.
942 _cLIBRO
949 _a378.72 V3
_bBC
_cLIBRO
_d33724000726618
_eLIBRO
_h95760
_i89429
_si
999 _c78287
_d78287